| 000 | 00000nam 2200000zi 4500 |
| 001 | 9.944137 |
| 003 | CaOODSP |
| 005 | 20241104133431 |
| 006 | m o d f |
| 007 | cr cn||||||||| |
| 008 | 241016t20122012onca ob f000 0 eng d |
| 020 | |z9781100209814 |
| 040 | |aCaOODSP|beng|erda|cCaOODSP |
| 043 | |amr-----|af-so--- |
| 045 | |ayoy1 |
| 086 | 1 |aD4-10/7-2012E-PDF|zD4-10/7-2012E |
| 100 | 1 |aHorn, Bernd, |d1959- |eauthor. |
| 245 | 10|aOperation Dawn in the Gulf of Aden and the scourge of piracy / |cBernd Horn. |
| 264 | 1|aKingston, Ontairo : |bCanadian Defence Academy Press, |c[2012] |
| 264 | 4|c©2012 |
| 300 | |a1 online resource (33 pages) : |billustrations |
| 336 | |atext|btxt|2rdacontent |
| 337 | |acomputer|bc|2rdamedia |
| 338 | |aonline resource|bcr|2rdacarrier |
| 490 | 1 |aCANSOFCOM Professional Development Centre monograph series ; |v7 |
| 500 | |a"Produced for CANSOFCOM Professional Development Centre by 17 Wing Winnipeg Publishing Office" -- Title page verso. |
| 500 | |aDigitized edition from print [produced by Government of Canada Publications Directorate]. |
| 500 | |aIssued also in French under title: Opération "Dawn in the Gulf of Aden" et le fléau de la piraterie. |
| 504 | |aIncludes bibliographical references. |
| 550 | |aIssued by: Canadian Defence Academy. |
| 550 | |aCo-produced by: CANSOFCOM Professional Development Centre. |
| 650 | 0|aHijacking of ships|zAden, Gulf of. |
| 650 | 0|aHijacking of ships|zSomalia. |
| 650 | 0|aPiracy|zAden, Gulf of. |
| 650 | 0|aPiracy|zSomalia. |
| 650 | 6|aPiraterie maritime|zAden, Golfe d'. |
| 650 | 6|aPiraterie maritime|zSomalie. |
| 710 | 2 |aCanadian Defence Academy, |eissuing body. |
| 710 | 1 |aCanada. |bCanadian Armed Forces. |bWing, 17, |eissuing body. |
| 710 | 1 |aCanada. |bCanadian Special Operations Forces Command. |bProfessional Development Centre, |eissuing body. |
| 776 | 0#|tOperation Dawn in the Gulf of Aden and the scourge of piracy / |w(CaOODSP)9.620368 |
| 830 | #0|aCANSOFCOM Professional Development Centre monograph series ;|v7. |w(CaOODSP)9.832874 |
| 856 | 40|qPDF|s2862 KB|uhttps://publications.gc.ca/collections/collection_2024/mdn-dnd/D4-10-7-2012-eng.pdf |